Heat transfer (Record no. 3641)

000 -LEADER
fixed length control field 00564nam a2200229 a 4500
001 - CONTROL NUMBER
control field 3641
003 - CONTROL NUMBER IDENTIFIER
control field BD-DhUET
008 - FIXED-LENGTH DATA ELEMENTS--GENERAL INFORMATION
fixed length control field 960506s1997 nyua b 001 0 eng
020 ## - INTERNATIONAL STANDARD BOOK NUMBER
International Standard Book Number 0071143203
020 ## - INTERNATIONAL STANDARD BOOK NUMBER
International Standard Book Number 0078447852
040 ## - CATALOGING SOURCE
Original cataloging agency DLC
Transcribing agency DLC
Modifying agency BD-DhUET
082 00 - DEWEY DECIMAL CLASSIFICATION NUMBER
Classification number 621.011
Item number HOL/1997
100 1# - MAIN ENTRY--PERSONAL NAME
Personal name Holman, J. P.
245 10 - TITLE STATEMENT
Title Heat transfer
250 ## - EDITION STATEMENT
Edition statement 8th ed.
260 ## - PUBLICATION, DISTRIBUTION, ETC. (IMPRINT)
Place of publication, distribution, etc. New York
Name of publisher, distributor, etc. McGraw-Hill
Date of publication, distribution, etc. 1997
300 ## - PHYSICAL DESCRIPTION
Extent xviii, 696 p.
Other physical details ill.
490 ## - SERIES STATEMENT
Series statement Schaum's outline series
504 ## - BIBLIOGRAPHY, ETC. NOTE
Bibliography, etc Includes bibliographies
650 #0 - SUBJECT ADDED ENTRY--TOPICAL TERM
Topical term or geographic name as entry element Heat transfer
942 ## - ADDED ENTRY ELEMENTS (KOHA)
Koha item type General Book
Holdings
Koha out on loan Koha issues (times borrowed) Koha date last seen Location (home branch) Not for loan Koha full call number Piece designation (barcode) Koha date last borrowed Lost status Shelving location Withdrawn status Sublocation or collection (holding branch) Koha item type Source of classification or shelving scheme Koha normalized classification for sorting Damaged status Date acquired Copy number Price effective from
2025-05-1132025-04-27Central Library, BUET 621.011/HOL/1997924502025-04-27 Circulation section Central Library, BUETGeneral Book 621_011000000000000_HOL_1997 2014-11-0312014-11-03
  2014-11-03Central Library, BUET 621.011/HOL/199792452  Circulation section Central Library, BUETGeneral Book 621_011000000000000_HOL_1997 2014-11-0322014-11-03
  2016-07-30Central Library, BUET 621.011/HOL/199792453  Circulation section Central Library, BUETGeneral Book 621_000000000000000_011HOL1997 2014-11-0332014-11-03
 12022-06-08Central Library, BUET 621.011/HOL/1997924542022-01-09 Circulation section Central Library, BUETGeneral Book 621_000000000000000_011HOL1997 2014-11-0342014-11-03
 22024-10-28Central Library, BUET 621.011/HOL/1997924552024-10-02 Circulation section Central Library, BUETGeneral Book 621_000000000000000_011HOL1997 2014-11-0352014-11-03
 32024-08-31Central Library, BUET 621.011/HOL/1997924572023-12-10 Circulation section Central Library, BUETGeneral Book 621_000000000000000_011HOL1997 2014-11-0362014-11-03
  2014-11-03Central Library, BUET 621.011/HOL/199792459  Circulation section Central Library, BUETGeneral Book 621_000000000000000_011HOL1997 2014-11-0372014-11-03
 12024-08-28Central Library, BUET 621.011/HOL/1997924602024-03-12 Circulation section Central Library, BUETGeneral Book 621_011000000000000_HOL_1997 2014-11-0382014-11-03
 12024-06-22Central Library, BUET 621.011/HOL/1997924612024-04-08 Circulation section Central Library, BUETGeneral Book 621_000000000000000_011HOL1997 2014-11-0392014-11-03
 52025-03-12Central Library, BUET 621.011/HOL/1997924622024-12-10 Circulation section Central Library, BUETGeneral Book 621_000000000000000_011HOL1997 2014-11-03102014-11-03
 12017-05-03Central Library, BUET 621.011/HOL/1997924642015-03-04 Circulation section Central Library, BUETGeneral Book 621_000000000000000_011HOL1997 2014-11-03112014-11-03
 32019-07-10Central Library, BUET 621.011/HOL/1997924652019-06-17 Circulation section Central Library, BUETGeneral Book 621_000000000000000_011HOL1997 2014-11-03122014-11-03
 32022-06-08Central Library, BUET 621.011/HOL/1997924662022-05-24 Circulation section Central Library, BUETGeneral Book 621_000000000000000_011HOL1997 2014-11-03132014-11-03
  2015-04-12Central Library, BUET 621.011 HOL/199792468  Circulation section Central Library, BUETGeneral Book 621_011000000000000_HOL_1997 2015-04-12142015-04-12
  2015-07-02Central Library, BUET 621.011/HOL/199792447  Reading section Central Library, BUETReading Item 621_011000000000000_HOL_1997 2015-07-02152015-07-02
  2015-07-09Central Library, BUET 621.011/HOL/199792446  Reading section Central Library, BUETReading Item 621_011000000000000_HOL_1997 2015-07-09162015-07-09